=LDR 00000nam 2200000 4500 =001 INLIS000000000016919 =005 20130612112135 =008 ***********************************Ind** =035 ##$$0010-061300000016919 =041 ##$$a Ind =082 ##$$a F Rom D =090 ##$$a F Rom D, Fit m =100 ##$$a Fithri =245 ##$$a Mencari jalan ke hati bunda, Fithri =260 ##$$a 2000 $b Jakarta =300 ##$$a viii, 160 hlm, ilus, 17 cm =650 ##$$a Fiksi Dewasa-Indonesia =850 ##$$a NBPNMAT